00632nam a22002177a 4500003000500000005001700005008004100022010001000063011001000073035001000083040000900093082001700102110000800119245005400127260002300181300002000204490006800224650003100292700002300323830006800346CHAP20220817042451.0971013s1963 r 00010 d a45596 a46568 a50709 cCHAP a338.19bF37p aFAO aPossibilities of increasing world food production aRome :bFAO,c1963 a223 p.b: ilus. aFAO. Campaña Mundial contra el hambre. Estudio básicov; 1014aAlimentosxAbastecimiento.0 aPawaley, Walter H.0 aFAO. Campaña Mundial contra el hambre. Estudio básicov; 10